Acteur de A-Z - Statistiques

Statistiques générales
  • Ce quiz a été pris 332 fois
  • Le résultat moyen est 11 sur 26
Statistiques - réponses
Lettre Sexe Indices Réponse % Correct
D Homme Pirates de Caraïbes - Edward aux Mains d'Argent - Alice aux Pays des Merveilles (2010) Johnny Depp
94%
A Femme Friends - Murder Mystery - The Morning Show Jennifer Aniston
83%
H Homme Forrest Gump - Seul au Monde - La Ligne Verte Tom Hanks
83%
R Femme Barbie - Suicide Squad - Babylon Margot Robbie
80%
S Homme Men in Black - Le Prince de Bel-Air - Aladdin (2019) Will Smith
78%
P Homme Fight Club - World War Z - Seven Brad Pitt
73%
L Femme Hunger Games - Passengers - X-Men Jennifer Lawrence
66%
E Homme Le Bon, la Brute et le Truant - Gran Torino - La Mule Clint Eastwood
62%
O Femme Beetlejuice 2 - Scream (2022) - Mercredi Jenna Ortega
61%
W Homme Sixième Sens - Pulp Fiction - Die Hard Bruce Willis
55%
F Homme Les Évadés - Bruce Tout-Puissant - Insaisissables Morgan Freeman
55%
J Homme Pulp Fiction - Glass - Avengers Samuel L Jackson
51%
N Homme L'incroyable Hulk - Glass Onion - Fight Club Edward Norton
47%
G Homme Le Secret de Brokeback Mountain - Prisoners - Spider-Man (2019) Jake Gyllenhaal
40%
B Femme Bird Box - Le Secret de la Cité Perdue - Speed Sandra Bullock
40%
C Homme Volte-Face - Les Ailes de l'Enfer - 60 Secondes Chrono Nicolas Cage
29%
T Femme Le Jeu de la Dame - Vampire Academy - Split Anya Taylor-Joy
27%
K Femme Pitch Perfect - The Hit Girls - Twilight Anna Kendrick
17%
V Homme Double Impact - Chasse à l'Homme - Timecop Jean-Claude Van Damme
13%
M Homme 13 Reasons Why - Don't Breathe - Scream (2022) Dylan Minnette
11%
I Femme La Casa de Papel - Berlin - Intimidad Itziar Ituno
9%
Q Homme Hunger Games - The Boys - Oppenheimer Jack Quaid
9%
U Homme Riverdale - Scream - Escape Room Skeet Ulrich
7%
Y Homme Squid Game - Dernier Train pour Busan - The Silent Sea Gong Yoo
6%
X Homme Shazam! - 88 - Rookie Blue Michael Xavier
2%
Z Homme Destination Finale (2009) - 2 Broke Girls - Obliterated Nick Zano
2%
Aucun quiz correspondant
Distribution des résultats
% des personnes avec chaque résultat
Percentile par nombre de réponses
Votre historique - résultats
Vous n’avez pas pris ce quiz